Introduction to time series analysis and forecasting : with applications in SAS and SPSS
Αποθηκεύτηκε σε:
| Κύριος συγγραφέας: | |
|---|---|
| Άλλοι συγγραφείς: | |
| Μορφή: | Βιβλίο |
| Γλώσσα: | English |
| Δημοσίευση: |
San Diego :
Academic Press,
c2000
|
| Θέματα: | |
| Ετικέτες: |
Προσθήκη ετικέτας
Δεν υπάρχουν, Καταχωρήστε ετικέτα πρώτοι!
|
MARC
| LEADER | 00000nam a2200000 i 4500 | ||
|---|---|---|---|
| 001 | 1/24997 | ||
| 008 | 020617s2000 eng d | ||
| 020 | |a 0-12-767870-0 | ||
| 035 | |l 10067985 | ||
| 040 | |a GR-MY-UA |b gre |e aacr | ||
| 041 | 0 | |a eng | |
| 082 | 0 | |a 519.55 |2 (22) | |
| 100 | 0 | |a Yaffee, Robert A. | |
| 245 | 1 | 0 | |a Introduction to time series analysis and forecasting : |b with applications in SAS and SPSS / |c Robert A. Yaffee with Monnie McGee |
| 260 | |a San Diego : |b Academic Press, |c c2000 | ||
| 300 | |a xxv, 528 σ.; |b εικ.; |c 24 εκ. | ||
| 504 | |a Περιέχει βιβλιογραφικές παραπομπές και ευρετήριο | ||
| 630 | 0 | 0 | |a SAS (Computer file) |
| 630 | 0 | 0 | |a SPSS (Computer file) |
| 650 | 0 | 0 | |a Social sciences |x Statistical methods. |
| 650 | 0 | 0 | |a Social sciences |x Statistical methods |x Computer programs. |
| 650 | 0 | 0 | |a Social sciences |x Forecasting |x Computer programs. |
| 650 | 0 | 0 | |a Social prediction |x Computer programs. |
| 650 | 0 | 0 | |a Time-series analysis |x Computer programs. |
| 700 | 0 | |a McGee, Monnie. | |
| 852 | |a INST |b LESVOS |e 20070716 |h 519.55 YAF |p 005100041507 |q 005100041507 |t BK |y 0 | ||
| 852 | |a INST |b SAMOS |e 20020617 |h 519.55 YAF |p 005300020068 |q 005300020068 |t BK |y 0 | ||
| 901 | |a BIBL3-2002-2 | ||
| 901 | |a BIBL1-2007-2 | ||
| 909 | |a Σ |b 102112 | ||
| 909 | |a Λ |b 135753 | ||
| 922 | |a 3ΕΛΗ |b 200202 |c ΤΣΑΕ |d ΠΑΠΑΣΩΤΗΡΙΟΥ | ||
| 922 | |a 1ΕΛΗ |b 200706 |c ΕΠΕΑΕΚ2/ΤΕΘ |d ΠΑΠΑΣΩΤΗΡΙΟΥ | ||
| 950 | |a 184-2002-02-19 | ||
| 970 | |a ΚΟΣΙΕΡΗΣ |b ΧΡΗΣΤΟΣ |z 2002/07/04 | ||